Úvod do vědy o politice /

Na minha lista:
Detalhes bibliográficos
Autor principal: Müller, Adolf (Author)
Formato: Livro
Idioma:tcheco
Publicado em: Praha : LUNARION, 1991
Edição:1.vyd.
Tags: Adicionar Tag
Sem tags, seja o primeiro a adicionar uma tag!

MARC

LEADER 00000nam a22000003a 4500
001 stu904
005 20150617225621.9
008 911218s1991----cs------------------cze-d
020 |a 80-901031-0-3 
040 |a STU  |b slo 
041 0 |a cze 
044 |a cs 
080 |a 32 
100 1 |a Müller, Adolf  |4 aut 
245 1 |a Úvod do vědy o politice /  |c [aut.] Müller,Adolf 
250 |a 1.vyd. 
260 |a Praha :  |b LUNARION,  |c 1991 
300 |a 117 s 
996 |b E75817  |c R*75817  |l RRUM  |s A  |a 24  |w stu904_0001 
996 |b E75816  |c R*75816  |l RRUM  |s A  |a 24  |w stu904_0002